000 00753nam a2200241 a 4500
001 BRCA_4757
005 20190320204807.0
008 071010s1942----ag-a######---#000-0#spa-#
041 _aspa
044 _aag
050 4 _aND813.G6
_b.G65 1942
100 1 _aGómez de la Serna, Ramón
_912033
245 1 0 _aDon Francisco de Goya y Lucientes
_cpor Ramón Gómez de la Serna.
260 _aBuenos Aires
_bPoseidón
_c1942
300 _a95 p.
_bil. (algunas a color), 68 láminas
_c23 cm.
440 0 _aBiblioteca Argentina de Arte
_912034
500 _aIncluye índice de ilustraciones
500 _aD98
600 1 4 _aGoya y Lucientes, Francisco José de
_d1746-1828
_911075
650 1 4 _aPintores españoles
_97620
902 _aGFM
942 _2lcc
_cB
999 _c4455
_d4455